000 02992cam a22005054i 4500
003 PE-LiUPU
005 20250731173433.0
008 150706s2004 stka rb 001 0 spa d
020 _a0851518893
035 _a(Sirsi) i9780851518893
040 _aPE-LiUPU
_bspa
_cPE-LiUPU
_erda
049 _aPRUA
082 0 4 _a238.5
_bW72
_221
100 1 _aWilliamson, G. I.,
_d1925-
_qGerald Irvin,
_eautor.
245 1 3 _aLa confesión de fe de Westminster /
_cG. I. Williamsom.
264 1 _aEdinburgh; Carlisle :
_bEl Estandarte de la Verdad,
_c2004.
300 _a432 páginas :
_bilustraciones ;
_c23 centímetros
336 _atext
_2rdacontent
337 _aunmediated
_2rdamedia
338 _avolume
_2rdacarrier
504 _aIncluye referencias bibliográficas e índice.
505 0 _aDe las Sagradas Escrituras (I) -- De Dios y la Santa Trinidad (II) -- Del decreto eterno de Dios (III) -- De la creación (IV) -- De la providencia (V) -- De la caída del hombre, del pecado y su merecido castigo (VI) -- Del pacto de Dios con el hombre (VII) -- De Cristo el mediador (VIII) -- Del libre albedrío (IX) -- Del llamamiento eficaz (X) -- De la Fe Salvadora (XIV) y del arrepentimiento para vida eterna (XV) -- De la justificación (XI) -- De la adopción (XII) -- De la santificación (XIII) -- De las buenas obras (XVI) -- De la perseverancia de los Santos (XVII) -- De la seguridad de la gracia y salvación (XVIII) -- De la Ley de Dios (XIX) -- De la libertad cristiana y la libertad de conciencia (XX) -- De la adoración religiosa y el día de reposo (XXI) -- De los juramentos y votos lícitos (XXII) -- Del matrimonio y el divorcio (XIV) -- De la iglesia (XXV) -- De la comunión de los Santos (XXVI) -- De los sacramentos (XXVII) -- Del bautismo (XXVIII) -- De la cena del Señor (XXIX) -- De las censuras Eclesiásticas (XXX) -- Del magistrado civil -- De los sínodos y concilios (XXXI) -- Del estado del hombre después de la muerte y de la resurrección de los muertos (XXXII) -- Del juicio final (XXXIII).
526 _aSEG42
526 _aSEG41
526 _aSEG40
526 _aSEG39
526 _aP94
526 _aP87
526 _aP86
526 _aP85
526 _aP77
526 _aP76
526 _aP35
541 _g001-0000702;
610 2 _aIglesia Presbiteriana
_xCredos.
610 2 _aIglesia Reformada
_xCredos.
650 0 4 _aConfesión de Fe de Westminster.
700 1 _aAdams de Ardiles, Deborah J.,
_etraductor.
910 _agl
_clch
_d20131112
942 _2ddc
_cBOOK
949 _a238.5 W72
_wDEWEY
_c1
_i68462
_lCCODEBUL1
_mBUL
_p19.00
_r0
_sY
_tBOOK
_u2015-7-6
_xTEOLOGIA
_PP35
_o.STAFF. Colección Teología
994 _aC0
_bPEPRU
596 _a1
999 _a238.5 W72
_wDEWEY
_c55843
_i68462
_d55843
_e2019-1-11
_f2021-11-10
_g5
_lCCODEBUL1
_mBUL
_n3
_p19.00
_q1
_r0
_sY
_tBOOK
_u2015-7-6
_xTEOLOGIA
_PP35
_0COMPRA
_o.STAFF. Colección Teología
980 _81
_gALBERTO SANCHEZ Responsable de Automatización